Quizzes
Events
Quiz Creation
Community
Videos
Private Events
Remove Ads
Sign In
Join for FREE
Feedback
Dark Mode
Quiz Categories
Sports
Geography
Music
Movies
Television
Just For Fun
Miscellaneous
History
Literature
Language
Science
Gaming
Entertainment
Religion
Holiday
For Kids
Quiz Lab
Recent
Popular Today
Quiz Kudos Today
Editor Picks
Curator Picks
Quizzes by...
Day
Popularity
Type
Ratings
Length
Year
Community
Subscriptions
Recent Discussions
Orange Saloon
Badges
Playlists
Quests
Create
Leaderboards
Showdown
Live 5
Trivia Bingo
Activity
Puzzle Library
Sporcle Events
Private Events
Virtual Trivia
Globe League
Become a Host
Pub Owners
SporcleCon
Opinionation
Our Games
Videos
Blog
Mobile Apps
Partnerships
Remove Ads and Go Orange
Feedback
Sports
Athletes
MLB
NBA
NHL
NFL
Soccer
Sports Teams
WWE
NCAA
Football
Premier League
Basketball
Baseball
Hockey
Golf
Tennis
Cricket
Rugby
Auto Racing
Olympics
World Cup
Sports
Athletes
MLB
NBA
NHL
NFL
Soccer
Sports Teams
WWE
NCAA
Football
Premier League
Basketball
Baseball
Hockey
Golf
Tennis
Cricket
Rugby
Auto Racing
Olympics
World Cup
Random Quiz
Search Sporcle
×
Quiz Lab
Quiz Lab
Sports
Super Bowl
Type in answers that appear in a list
Type in answers that appear in a list
Classic
Best Score? Go Orange.
2011-2001 Super Bowl Matchups Stats
Can you name the 2001-2011 Super Bowl Matchups?
By
coolmuffin121
2m
22 Questions
257 Plays
257 Plays
257 Plays
Comments
Comments
Give Quiz Kudos
Give Quiz Kudos
-
- Ratings
hide this ad
More Info
Forced Order
Answers have to be entered in order
Answers have to be entered in order
Replay
Link that replays current quiz
Next Quiz
Link to next quiz in quiz playlist
You Got
0%
They Got
Avg Score
82%
Avg Friend Score
Upgrade to see
Score Distribution
Jump to the score distribution portion of the page
Score
0/22
Timer
02:00
0
Plays Today
Conference
Team
% Correct
AFC
Pittsburgh Steelers
94.9%
NFC
---Green Bay Packers---
93%
AFC
New England Patriots
91.4%
NFC
---New Orleans Saints---
91.1%
AFC
Indianapolis Colts
91.1%
AFC
---Pittsburgh Steelers---
90.7%
NFC
---New York Giants---
87.9%
NFC
Arizona Cardinals
87.5%
AFC
---Indianapolis Colts---
87.2%
AFC
---Pittsburgh Steelers---
84.8%
AFC
---New England Patriots---
84%
Conference
Team
% Correct
NFC
Chicago Bears
83.3%
AFC
---New England Patriots---
82.1%
NFC
Philadelphia Eagles
77.8%
NFC
Seattle Seahawks
75.9%
AFC
---New England Patriots---
75.5%
NFC
Carolina Panthers
75.5%
NFC
St. Louis Rams
74.7%
AFC
---Baltimore Ravens---
72.8%
NFC
---Tampa Bay Buccaneers---
72.8%
AFC
Oakland Raiders
72.4%
NFC
New York Giants
69.3%
Quiz Playlist
Details
Report
Send in Message
Add To Playlist
More Info:
Enter the team name, "Browns", or the location, "Cleveland". (---Team name--- indicates winner.)
Classic:
Type in answers that appear in a list
Forced Order:
Answers have to be entered in order
Quiz Source
Last Updated: Feb 16, 2017
Quiz Scoreboard
CHALLENGE
Sign Up to Join the Scoreboard
Show All
Scores
Hide
Comments
May contain spoilers
Recently Published
College Basketball Coaching Resumes
by pancakes188
Sports
9m
Billboard Blitz: Fleetwood Mac
by CooCooCachoo
Music
15s
Presidents Visiting Landmarks
by Hejman
History
7m
More to Explore
Quiz From the Vault
Featured Blog Post
Where Did the Easter Bunny Come From?
hide this ad
You Might Also Like...
Tags
Super Bowl
Today's Top Quizzes in Sports
Browse Sports
hide this ad
Today's Top Quizzes in Super Bowl
Browse Super Bowl
Top Contributed Quizzes in Sports
1
2022 World Cup Stars
2
Les meilleurs buteurs des matchs entre le PSG et l’OM
3
FIFA Club World Cup Champions
4
Les entraîneurs de l'OM et du PSG au 21e siècle
5
Criteria MLB: Left Handed Sluggers
6
AFC Teams Reveal (Wrong Answers Minefield)
7
5-to-1: UK Sports Teams
8
5-to-1: FBS Animal Nicknames
9
2023 MLB Unique Player Accomplishments
10
Name the Premier League winners with different clubs
Explore More
Trending Topics
Crossword
Disney
Kpop
Marvel
NBA
Anime
Harry Potter
The Office
Puzzle
Soccer
Pokémon
Country
WWE
Song
NFL
hide this ad
More By:
coolmuffin121
Quiz
Plays
Rating
Category
Featured
Created
Which Letter Where?
43,236
4.24
Just For Fun
Apr 23, 2012
Super Bowl Winners (clickable mines)
8,725
3.51
Sports
Apr 2, 2012
1967-1979 Heavy Metal Bands by Letter
903
2.69
Music
Aug 27, 2010
Chuck Characters
406
4.00
Television
Sep 3, 2010
Candy Safecracker
389
4.67
Just For Fun
Feb 16, 2012
Go to Creator's Profile
Score Distribution
Quiz Creator Spotlight
coolmuffin121
Follow
Send a Message
Quizzes Created
-
Created Quiz Play Count
-
More By This Creator
Popular Quizzes Today
1
Find the US States - No Outlines Minefield
2
Find the Countries of Europe - No Outlines Minefield
3
The Countries of the World
4
Find the US States
5
Risky Map Clicking: Biggest States A-Z
6
US States
7
Popular People in 1961
8
Movies - When Are They Set?
More Sports Quizzes
UEFA Euro Top 4
Quiz Lab
Trending Quizzes
Risky Map Clicking: Least Populous States A-Z
1-10 Letter G Words
1-10 Letter F Words
Risky Map Clicking: Next State Alphabetically
Risky Map Clicking: Biggest States A-Z
Recently Updated
Leaping Animals
pecheneg
Reality TV Shows (A-Z)
bhenderson79
Rickey Henderson's Hall of Fame Teammates
pecheneg
Champions League XIs: Arsenal
pecheneg
Quick Pick: Celebrities in WWE's Hall of Fame
aduchscher
A-Z Keypad Blitz II
pecheneg
Multiple Oscar Actors
pecheneg
Mystery Phrase Blitz: Oscar 'Best Actors'
pecheneg
F. Scott Fitzgerald Novels
LTH
Pick 3 Villains
ddd62291
Trending Topics
NBA
Kpop
Anime
Disney
Marvel
Harry Potter
Crossword
Pokémon
WWE
Puzzle
Soccer
The Office
Country
NFL
Song
Your Account Isn't Verified!
In order to create a playlist on Sporcle, you need to verify the email address you used during registration. Go to your
Sporcle Settings
to finish the process.
Report this User
Report this user for behavior that violates our
Community Guidelines
.
Details:
Send Report
Go to the Sporcle.com Mobile Site →
Comments